| 000 | 00398nam a2200121Ia 4500 | ||
|---|---|---|---|
| 008 | 210430s9999 xx 000 0 und d | ||
| 082 | _a519.5 M6891 I | ||
| 100 |
_aAlexander M.Mood, Franklin A. Graybill, Duane C. Boes _9128956 |
||
| 245 |
_aIntroduction to the theory of statistics / _cAlexander M.Mood |
||
| 260 |
_aIslamabad _bNational book foundation _c2010 |
||
| 300 | _a564p | ||
| 942 |
_cBK _2ddc |
||
| 999 |
_c562418 _d562418 |
||